000 00688nam a2200229Ia 4500
003 OSt
005 20220925183753.0
006 a|||||r|||| 00| 0
007 ta
008 220923b |||||||| |||| 00| 0 eng d
037 _cGeneral Book
040 _aRTL
_cRTL
_beng
041 _2eng
_aeng
082 _aV2, 31p . N68, K8 .21-23
110 _aINDIAN , LOK SABHA
_9259295
245 0 _aIndex to Lok sabha debates
_b 4th series , 6th session .
260 _aDelhi
_bLok sabha secretariat
_c1968
300 _aiii , 655p
_ccm.
700 _aINDIAN , LOK SABHA
_9259296
942 _hV2, 31p . N68, K8 .21-23
_cGB
_2CC
999 _c505790
_d505790